000 00677nam a2200229Ia 4500
003 OSt
005 20220923222427.0
006 a|||||r|||| 00| 0
007 ta
008 220922b |||||||| |||| 00| 0 hin d
024 _a204,878
037 _cTextual
040 _aARTS
_cARTS
_bhin
041 _2hin
_ahin
082 _aO4482:1x, J4;1(=)
100 _aकमठान, गंगाप्रसाद
_9156365
245 0 _aराजस्थानी लोक गीत
246 _aRājasthānī lok gīta
260 _c1954
942 _hO4482:1x, J4;1(=)
_cTEXL
_2CC
999 _c355626
_d355626